| 000 | 00642nam a22002172 4500 | ||
|---|---|---|---|
| 001 | 0000024893 | ||
| 005 | 20151217155237.0 | ||
| 008 | 140324s xx 000 0 eng d | ||
| 020 | _a0071317511 : | ||
| 040 |
_aKABU _cKABU |
||
| 100 | 1 |
_aNavidi, William. _@0000183096 |
|
| 245 | 1 | 0 |
_aElementary statistics / _cWilliam Navidi, Barry Monk. |
| 250 | _a1st ed. | ||
| 260 |
_aNew York : _bMcGraw-Hill, _c2013. |
||
| 300 | _axxxii, 631 p. | ||
| 650 | 0 |
_aMathematical statistics. _@0000148196 |
|
| 700 | 1 |
_aMonk, Barry. _@0000185155 |
|
| 852 | 1 | _9p3995 KES | |
| 908 | _a140324 | ||
| 950 | _@1 | ||
| 999 |
_c12252 _d12252 |
||